000 00598nam a2200205Ia 4500
005 20250326144155.0
008 250326s9999 xx 000 0 und d
020 _a978-1-56327-374-2
037 _aTextbook
040 _aFMSL
_beng
_cFMSL
041 _aeng
_2eng
084 _aX:89A P8
_qFMSL
100 _aHarris C
_9749183
245 0 _aLean connections: making information floew efficiently and effectively
_cHarris C; Harris R
260 _aNY
_bNY, CRC Press
_c2008
300 _a145p
365 _b1927.8363999999999
942 _cTB
_hX:89A P8
999 _c1302657
_d1302657